| 000 | 02150cam a22003617i 4500 | ||
|---|---|---|---|
| 001 | 17342381 | ||
| 003 | OSt | ||
| 005 | 20240215142507.0 | ||
| 008 | 120611s2013 enka b 001 0 eng d | ||
| 010 | _a 2012941710 | ||
| 020 | _a9780500290712 | ||
| 020 | _a0500290717 | ||
| 035 | _a(OCoLC)ocn828178270 | ||
| 040 |
_aSISPL _beng _cSISPL _erda _dOCLCO _dBTCTA _dBDX _dYDXCP _dYNK _dCDX _dTXI _dVP@ _dERASA _dDLC |
||
| 042 | _alccopycat | ||
| 050 | 0 | 0 |
_aNA2542.36 _b.T49 2013 |
| 082 |
_a620.110286 _bTHO |
||
| 100 | 1 |
_aThompson, Rob _c(Designer) _9119037 |
|
| 245 | 1 | 0 |
_aSustainable materials, processes and production / _cRob Thompson ; photography by Martin Thompson. |
| 260 |
_aLondon; _bThames & Hudson, _c2013. |
||
| 300 |
_a224 pages : _bcolored ilustrations. ; _c24 cm. |
||
| 490 | 1 | _aThe manufacturing guides | |
| 504 | _aIncludes bibliographical references (pages 222-223) and index. | ||
| 505 | 0 | _apt. 1. Materials -- Plastics -- Bio-based plastics -- Cellulose acetate -- Natural rubber -- Steel -- Aluminum alloys -- Copper alloys -- Glass -- Wood -- Engineered timber -- Pulp, paper and board -- Leather -- Wool -- Plant fibres -- Biocomposite prepreg -- pt. 2. Processes -- Injection modeling bioplastic -- Compression molding -- Plastic extrusion -- Molding recycled plastics -- Composite laminating -- Basket weaving -- Steam bending -- Wood joinery -- Upholstery -- Water-based coating -- Electropolishing -- Risography -- Water-based printing -- Waterless printing -- pt. 3. Lifecycle -- Recover, refurbish, reuse -- Returnable packaging -- Mixed recycling -- Plastics recycling -- Paper recycling -- Glass recycling. | |
| 650 | 0 |
_aMaterials _xEnvironmental aspects. _9120582 |
|
| 650 | 0 |
_aManufacturing processes _xEnvironmental aspects. _99279 |
|
| 650 | 0 |
_aProduction management _xEnvironmental aspects. _95808 |
|
| 700 | 1 |
_aThompson, Martin _c(Photographer) _9120583 |
|
| 830 | 0 |
_aManufacturing guides. _9120584 |
|
| 906 |
_a7 _bcbc _ccopycat _d2 _encip _f20 _gy-gencatlg |
||
| 942 |
_2ddc _cBK _aSADA _k620.110286 THO 2013 |
||
| 999 |
_c607786 _d607786 |
||